| 000 | 01289nam a22003857a 4500 | ||
|---|---|---|---|
| 003 | OSt | ||
| 005 | 20230518130248.0 | ||
| 008 | 221006b |||||||| |||| 00| 0 eng d | ||
| 040 | _cBiblioteca Lado V | ||
| 082 |
_a701.18 _bA658t |
||
| 100 |
_9828 _aAraeen, Rasheed _eeditora |
||
| 245 |
_aThird Text/ _bCritical Perspectives on Contemporary Art & Culture/ |
||
| 260 |
_bRoutledge _c2004 _aLondres |
||
| 300 |
_c19x25cm _a313p. |
||
| 366 | _espa | ||
| 490 |
_a3 _v68 _v18 _x0952-8822 |
||
| 505 | _aDaniel Herwitz | ||
| 505 | _aElisa Veini | ||
| 505 | _aLucia Nagib | ||
| 505 | _aStephen Dawber | ||
| 505 | _aDavid Lloyd | ||
| 505 | _aVictor Tupitsyn | ||
| 505 | _aRanghiroa Panoho | ||
| 505 | _aIan McClean | ||
| 505 |
_aReviews _gHaifa Hammami Katarzyna Murawska-Muthesius |
||
| 505 | _aContributors | ||
| 650 |
_2Tesauro de Arte & Arquitectura _aARTE _9703 |
||
| 650 |
_2Tesauro de Arte & Arquitectura _aCRITICA |
||
| 650 |
_2Tesauro de Arte & Arquitectura _aARTE CONTEMPORANEO |
||
| 650 |
_2Tesauro de Arte & Arquitectura _aAPRECIACION |
||
| 650 |
_2Tesauro de Arte & Arquitectura _aTEORIA |
||
| 650 |
_2Tesauro de Arte & Arquitectura _aANALISIS |
||
| 651 |
_2Tesauro de Arte & Arquitectura _aLONDRES |
||
| 942 |
_2ddc _c1 _h701.18 _iA658t _n0 |
||
| 999 |
_c3626 _d3626 |
||